El nacionalismo étnico en los Andes: el caso de los Aymaras Bolivianos /
El presente artículo tiene como objetivo mostrar el fenómeno del nacionalismo aymara en Bolivia actual, presentando un esbozo del debate intelectual acerca del concepto de nación, destacando su dimensión étnica. Se exponen la ideología etnonacionalista aymara, su historia, corrientes y acciones de s...
Na minha lista:
| Autor principal: | |
|---|---|
| Formato: | Texto |
| Assuntos: | |
| Tags: |
Adicionar Tag
Sem tags, seja o primeiro a adicionar uma tag!
|
MARC
| LEADER | 00000 a a2200000 04500 | ||
|---|---|---|---|
| 001 | 42113 | ||
| 003 | |||
| 040 | |||
| 100 | |a Makaran-Kubis, Gaya | ||
| 245 | |a El nacionalismo étnico en los Andes: |b el caso de los Aymaras Bolivianos / |c Gaya Makaran-Kubis | ||
| 500 | |a gmakaran@yahoo.com | ||
| 520 | |a El presente artículo tiene como objetivo mostrar el fenómeno del nacionalismo aymara en Bolivia actual, presentando un esbozo del debate intelectual acerca del concepto de nación, destacando su dimensión étnica. Se exponen la ideología etnonacionalista aymara, su historia, corrientes y acciones de su portavoz político, el katarismo, así como las recientes iniciativas relacionadas con la recuperación y difusión de la idea nacional. | ||
| 590 | |a SJB/MARZO2012 | ||
| 650 | |a 1. ETNICIDAD | ||
| 650 | |a 2. NACION | ||
| 650 | |a 3. IDENTIDAD ETNICA | ||
| 650 | |a 4. CULTURA | ||
| 650 | |a 5. IDEOLOGIAS | ||
| 650 | |a 6. POBLACION INDIGENA | ||
| 650 | |a 7. BOLIVIA | ||
| 773 | |g número49 ( , 2009), páginas 35-74 | ||
| 999 | |c 28976 |d 28976 | ||
